000 00653nam a22002297a 4500
003 UA-OsUOA
001 50861
007 ta
008 20140708b un ||||| |||| 00| 0 ukr d
090 _a082
_bВ55
942 _cBK
040 _aUA-OsUOA
_bukr
_cUA-OsUOA
_dUA-OsUOA
245 _aВісник Львівського університету
300 _a256 с.
955 _a1
041 _aukr
080 _a082
260 _aЛьвів
_c1997
650 7 _a08 Видання. Колективні праці
_2UDC
999 _c430989
_d430989